000 00333nam a22001097a 4500
008 230622b |||||||| |||| 00| 0 eng d
022 _a0250-5266
040 _aNational Science Library
_cNational Science Library
245 _aIndian veterinary medical journal
260 _aIndia:
_bU.P. Veterinary Association,
_c1998
942 _cCR
999 _c46378
_d46378